banner-ar

ظواهر اجتماعية مسيحية و اسلامية فى الاندلس : (Record no. 61700)

MARC details
000 -الفاتح
حقل البيانات ثابتة الطول 00992nam a22002297a 4500
005 - وقت وتاريخ اخر تعامل مع التسجيلة
رقم الضبط 20240530110512.0
008 - عناصر البيانات ثابتة الطول - معلومات عامة
حقل البيانات ثابتة الطول 151209s2012 sy ab g 000 0 ara d
020 ## - الرقم الدولى المعيارى للكتب
الرقم الدولى المعيارى للكتاب 9789933433642
040 ## - مصدر الفهرسة
وكالة الفهرسة الأصلية EG-CaGPL
082 04 - رقم تصنيف ديوى العشرى
رقم الطبعة 21
رقم التصنيف 953.071\
رقم المادة خ ظ
100 0# - المدخل الرئيسى - إسم شخصى
الإسم الشخصى خديجة قروعى
245 10 - بيان العنوان
العنوان ظواهر اجتماعية مسيحية و اسلامية فى الاندلس :
بقية العنوان من الفتح الاسلامى الى نهاية عصر الامارة ( 92 هـ / 711 م - 316 هـ / 929 م ) /
بيان المسئوليه,etc خديجة قروعى
250 ## - بيان الطبعة
بيان الطبعة ط1
260 ## - PUBLICATION, DISTRIBUTION, ETC. (IMPRINT)
تاريخ النشر أو التوزيع 2012 .
300 ## - الوصف المادى
التعداد 482 ص :
تفاصيل ماديه اخرى للوعاء خرائط ؛
أبعاد الوعاء 20 سم .
650 04 - المدخل الاضافى بالموضوع-مصطلح موضوعى
مصطلح موضوعي الاسلام
التقسيم الفرعي الجغرافي الاندلس
650 04 - المدخل الاضافى بالموضوع-مصطلح موضوعى
مصطلح موضوعي المسيحية
التقسيم الفرعي الجغرافي الاندلس
651 04 - المدخل الاضافى بالموضوع - اسم جغرافى
الاسم الجغرافي الاندلس
التقسيم الفرعي العام الاحوال الاجتماعية
651 04 - المدخل الاضافى بالموضوع - اسم جغرافى
الاسم الجغرافي الاندلس
التقسيم الفرعي العام الظواهر الاجتماعية
942 ## - عناصر المدخل الإضافي( كوها)
مصدر التصنيف او مخطط الترفيف Dewey Decimal Classification
Koha [default] item type كتاب
260 ## - PUBLICATION, DISTRIBUTION, ETC. (IMPRINT)
-- دمشق :
-- دار النايا للدراسات و النشر و التوزيع ،
Holdings
حالة التراجع حالة الفقد حالة تلف ليس للاعارة المكان المؤقت الموقع الحالى تاريخ الاكتساب اجمالي اﻻعارات رقم الطلب الباركود تاريخ اخر مشاهدة تاريخ تفعيل السعر نوع وعاء كوها
        مكتبة القاهرة الكبرى مكتبة القاهرة الكبرى 12/09/2015   953.071\ خ ظ 161052 12/09/2015 12/09/2015 كتاب

Powered By

EGPV